000 01907nam a2200397 a 4500
001 ebr10529444
003 CaPaEBR
006 m u
007 cr cn|||||||||
008 110401s2012 enk sb 001 0 eng d
010 _z 2011014432
020 _z9781409404972 (hardcover alk. paper)
020 _z9781409434351 (e-book)
040 _aCaPaEBR
_cCaPaEBR
035 _a(OCoLC)775487573
043 _an-us---
050 1 4 _aML420.S77
_bW66 2012eb
082 0 4 _a782.42166092
_222
245 0 0 _aBruce Springsteen, cultural studies and the runaway American dream
_h[electronic resource] /
_c[edited by] Kenneth Womack, Jerry Zolten and Mark Bernhard.
260 _aFarnham, Surrey, England :
_bAshgate,
_cc2012.
300 _axx, 275 p.
490 1 _aAshgate popular and folk music series
504 _aIncludes bibliographical references and index.
505 0 _apt. 1. "Land of hope and dreams" : Springsten's American serenade -- pt. 2. "There's a sadness hidden in that pretty face" : Springsteen and gender identity -- pt. 3. "Lost in the flood" : Springsteen and religion -- pt. 4. "It's hard to be a saint in the city" : Springsteen, ethics, and social justice.
533 _aElectronic reproduction.
_bPalo Alto, Calif. :
_cebrary,
_d2013.
_nAvailable via World Wide Web.
_nAccess may be limited to ebrary affiliated libraries.
600 1 0 _aSpringsteen, Bruce
_xCriticism and interpretation.
650 0 _aRock music
_zUnited States
_xHistory and criticism.
650 0 _aRock music
_xSocial aspects
_zUnited States.
655 7 _aElectronic books.
_2local
700 1 _aWomack, Kenneth.
700 1 _aZolten, J. Jerome.
700 1 _aBernhard, Mark.
710 2 _aebrary, Inc.
830 0 _aAshgate popular and folk music series.
856 4 0 _uhttp://site.ebrary.com/lib/rucke/Doc?id=10529444
_zAn electronic book accessible through the World Wide Web; click to view
999 _c233710
_d233710